Du côté de chez Swann /

Uloženo v:
Podrobná bibliografie
Hlavní autor: Proust, Marcel
Médium: Kniha
Jazyk:angličtina
Vydáno: Paris Gallimard c1919 stampa 1926
Vydání:76a ed.
Tagy: Přidat tag
Žádné tagy, Buďte první, kdo vytvoří štítek k tomuto záznamu!

MARC

LEADER 00000nam a2200000 4500
001 CDOM0000004019
003 mi
005 20251017144226.0
008 251017b |||||||| |||| 00| 0 eng d
040 |c mi 
100 |a Proust, Marcel 
245 1 |a Du côté de chez Swann /  |c Marcel Proust 
250 |a 76a ed. 
260 |a Paris  |b Gallimard  |c c1919  |c stampa 1926 
300 |a 316 p. ;  |c 19 cm. 
500 |a In copertina: A la recherche du temps perdu - Tome I 
942 |2 ddc  |c BK 
952 |0 0  |1 0  |2 ddc  |4 0  |7 0  |9 7163  |a MI  |b MI  |d 2009-11-16  |i 863  |l 0  |p CDOM863  |r 2025-07-13 16:28:00  |w 2025-07-13  |x OLIVARI. Il volume contiene una fotografia a colori e una cartolina indirizzata a Gino Olivari  |y BK 
999 |c 5859  |d 5859